00294nam a2200097Ia 4500008004000000082001700040100002500057245006500082260004100147300000800188210210b1989 xxu||||| |||| 00| 0 eng d a954.029 MENM aMENON (Sreedhara A). aModern india since 1707 and history of the freedom movement. aMadrasbS Vishwanathan Pvt Ltdc1989 a567